Logo BPK

Biblioteka

Politechniki Koszalińskiej

Kodeks handlowy : (Rekord nr 31257)

Szczegóły MARC
000 -ETYKIETA REKORDU
podpole kontrolne o stałej długości 01066nam a2200313 i 4500
001 - NUMER KONTROLNY REKORDU
pole kontrolne bg
003 - IDENTYFIKATOR NUMERU KONTROLNEGO REKORDU
podpole kontrolne BPK
005 - DATA OSTATNIEJ MODYFIKACJI REKORDU
podpole kontrolne 20230126115756.0
008 - POLE O STAŁEJ DŁUGOŚCI - DANE KONTROLNE
podpole kontrolne o stałej długości 980715s1997 pl |000 0 pol d
015 ## - NUMER BIBLIOGRAFII NARODOWEJ
Numer bibliografii narodowej PB 1997/4758
020 ## - MIĘDZYNARODOWY ZNORMALIZOWANY NUMER KSIĄŻKI - ISBN
ISBN 8371111120
020 ## - MIĘDZYNARODOWY ZNORMALIZOWANY NUMER KSIĄŻKI - ISBN
ISBN 3406412750
040 ## - ŹRÓDŁO KATALOGOWANIA
Instytucja, która sporządziła opis WA N
Instytucja, która utworzyła rekord BPK
080 ## - UNIWERSALNA KLASYFIKACJA DZIESIĘTNA - UKD
UKD 347.7(438)
100 1# - NAZWA OSOBOWA
Nazwa osobowa Sołtysiński, Stanisław
Daty związane z nazwą (1939- ).
245 10 - TYTUŁ/ODPOWIEDZIALNOŚĆ
Tytuł Kodeks handlowy :
Ciąg dalszy tytułu komentarz.
Oznaczenie części/sekcji dzieła T. 1 /
Pozostałe elementy strefy tytułu i oznaczenia odpowiedzialności Stanisław Sołtysiński, Andrzej Szajkowski, Janusz Szwaja.
250 ## - STREFA WYDANIA
Oznaczenie wydania 2 wyd. rozsz. i zaktual.
260 ## - STREFA ADRESU WYDAWNICZEGO
Miejsce wydania Warszawa :
Nazwa wydawcy/dystrybutora C. H. Beck,
Data publikacji, dystrybucji/powstania dokumentu 1997.
300 ## - STREFA OPISU FIZYCZNEGO
Objętość XIIII, [1], 1484 s. ;
Rozmiary 20 cm.
490 1# - STREFA SERII I DOKUMENTU WIELOCZĘŚCIOWEGO - FORMA NIE DO WYSZUKIWANIA
Tytuł i oznaczenie odpowiedzialności serii Komentarze Becka.
504 ## - UWAGA DOTYCZĄCA BIBLIOGRAFII
Informacje o bibliografii Bibliogr. s. XI-XII.
650 #4 - HASŁO PRZEDMIOTOWE W FORMIE NAZWY OGÓLNEJ LUB JEDNOSTKOWEJ
Nazwa ogólna lub geograficzna Prawo handlowe
Określnik geograficzny Polska.
650 #4 - HASŁO PRZEDMIOTOWE W FORMIE NAZWY OGÓLNEJ LUB JEDNOSTKOWEJ
Nazwa ogólna lub geograficzna Spółki
Określnik ogólny prawo
Określnik geograficzny Polska.
700 1# - HASŁO DODATKOWE - NAZWA OSOBOWA
Nazwa osobowa Szajkowski, Andrzej
Daty związane z nazwą (1938- ).
700 1# - HASŁO DODATKOWE - NAZWA OSOBOWA
Nazwa osobowa Szwaja, Janusz
Daty związane z nazwą (1934-2022)
Określenie związku między hasłem a opisywanym materiałem Autor
856 ## - LOKALIZACJA I DOSTĘP DO ELEKTRONICZNYCH DOKUMENTÓW ZDALNYCH
Link (URL) http://koha.tu.koszalin.pl/cgi-bin/koha/opac-detail.pl?biblionumber=31257
Tekst linku Katalog online BPK
830 #0 - HASŁO DODATKOWE SERII LUB DOKUMENTU WIELOCZĘŚCIOWEGO - TYTUŁ UJEDNOLICONY
Tytuł ujednolicony Komentarze Becka
942 ## - DODATKOWE ELEMENTY (KOHA)
Schemat klasyfikacji Uniwersalna Klasyfikacja Dziesiętna
Typ dokumentu Książka
Egzemplarze
Wycofany Status egzemplarza Uszkodzony Dostępność Lokalizacja stała Lokalizacja bieżąca Miejsce przechowywania Sygnatura Kod kreskowy Typ dokumentu
      Dostępny Biblioteka Politechniki Koszalińskiej Biblioteka Politechniki Koszalińskiej Wypożyczalnia BG 38449 01180749 Książka
      Dostępny Biblioteka Politechniki Koszalińskiej Biblioteka Politechniki Koszalińskiej Wypożyczalnia BG 38474 01193879 Książka
© 2023 Biblioteka Politechniki Koszalińskiej :: KOHA